000 01034nam a2200205 4500
005 20251202164054.0
020 _a9781418014919
050 _aPF300
_bV89
100 _a Vonlanthen, Andi
245 _aHearing instrument technology for the hearing healthcare professional
_cA. Vonlanthen, Horst Arndt
250 _ard ed
260 _a Clifton Park, NY,
_b Thomson Delmar Learning,
_c2007
300 _axvii,318p.:
_bill.
500 _aIncudes index
505 _a1. Historical overview 2. Hearing instrument components 3. Digitally programmable hearing instruments 4. signal- processing strategies 5. Digital hearing instruments 6. Acoustic path 7. Accessories 8. Hearing instrument troubleshooting 9. Hearing instruments and standards 10. Digital Mechanics 11. Fitting, verification, and outcome 12. Audiology and psychoacoustics 13. Interference in a digital world 14. Data transmission 15. Implemented devices
650 _aHearing aids
650 _aCochlear implant
710 _a Horst Arndt
942 _cBK
999 _c8506
_d8506